L'Euro /
Descripción Física:
17 p. ; 21 cm
Colección:
Consum (Barcelona (Catalunya : Província). Diputació)
; 18
Idioma:
Catalán
MARC
| LEADER | 00000nam a2200000Ia 4500 | ||
|---|---|---|---|
| 001 | 12543 | ||
| 003 | Arxiu | ||
| 005 | 20260324175419.0 | ||
| 008 | 160829s2000 spc xx s cat c | ||
| 040 | |a AGDB | ||
| 041 | |a cat | ||
| 080 | |a FU-14-17 | ||
| 100 | 1 | |a Vidal Quirante, Marta |9 23592 | |
| 245 | 1 | 2 | |a L'Euro / |c Marta Vidal Quirante |
| 260 | |a Barcelona : |b Diputació de Barcelona. Servei de Salut Pública i Consum, |c 2000 | ||
| 300 | |a 17 p. ; |c 21 cm | ||
| 490 | 1 | |a Consum ; |v 18 | |
| 650 | |a Euro |9 32512 | ||
| 650 | |a Euro |x Dret i legislació |x Espanya |9 32513 | ||
| 650 | |a Unió Econòmica i Monetària Europea |9 32514 | ||
| 710 | |a Barcelona (Catalunya : Província). |b Servei de Salut Pública i Consum |9 8151 | ||
| 830 | 0 | |9 56020 |a Consum (Barcelona (Catalunya : Província). Diputació) |v 18 | |
| 901 | |a Arxiu | ||
| 942 | |n 1 |2 udc |c ARXIU | ||
| 952 | |0 0 |1 0 |4 0 |6 FU1417 |7 1 |9 46013 |a Arxiu |b Arxiu |d 2016-12-01 |l 0 |o FU-14-17 |p 12543 |r 2016-12-01 00:00:00 |w 2016-12-01 |y ARXIU | ||
| 999 | |c 49514 |d 49514 | ||